000 00482cam a2200193 4500
001 D8949
008 090401t1976 xxu||||| |||| 00| 0 eng d
035 _a(Sirsi) u16349
041 _aeng
050 _a692.5
110 _aDavisBelfield and Everest
_93167
245 _aSpon`s mechanical and electrical services price book 1977
250 _a7th
260 _aLondon
_bE & F N Spon
_c1976
300 _axii. 362p. 22cm
350 _a8.25
942 _n0
948 _c04/03/1997
999 _c87418
_d87418